00342nam a2200109Ia 4500008004100000082001500041100002200056245002800078260003600106630002700142650006300169211109s9999||||xx |||||||||||||| ||und|| a500bKIM-B aKimbell, Dexter S 0aBook of Popular Science bGrolier SocietyaNew Yorkc1931 xReference Reading Room aPopular SciencevNatural sciences & mathematicsxGeneralia